| 000 | 00836nam a22002657a 4500 | ||
|---|---|---|---|
| 003 | DO-SdBPM | ||
| 005 | 20251028121736.0 | ||
| 007 | ta | ||
| 008 | 220215b2007 dr ||| |||| 00| 0 spa d | ||
| 040 |
_aDO-SdBPM _bspa _cBPMSU _erda |
||
| 082 | 4 |
_aRD861.44 _bA454m 2007 _222 |
|
| 100 | 1 |
_aAlonzo, Juan _d1953- |
|
| 245 | 1 | 0 |
_aMarginal / _cJuan, Alonzo |
| 264 |
_aSanto Domingo: _bTalleres Gráficos Socrates Duran, _c2007 |
||
| 300 |
_a73 páginas ; _c22cm |
||
| 336 |
_atexto _btxt _2rdacontent |
||
| 337 |
_asin mediación _bn _2rdamedia |
||
| 338 |
_avolumen _bnc _2rdacarrier |
||
| 500 | _aIncluye datos biográficos del autor en la contracubierta | ||
| 590 | _aInventariado, 2025/VM | ||
| 650 | 7 | _aPoesías dominicanas | |
| 650 | 7 | _aliteratura dominicana | |
| 910 | _aVMateo V. Control de calidad. BPMSU | ||
| 942 |
_2ddc _cBK |
||
| 999 |
_c14036 _d14036 |
||